000 00735cam a22001694a 4500
005 20250605164348.0
008 250528s ||||||||||||||||||||||||d
035 _a23967
040 _aGR-AtMCL
_bgre
_dGR-AtMCL
_eAACR2
245 1 _aLearning the Game / 10 Χρόνια Yuboto
260 _c2017
520 _aLeading the Game, Οι Θεσμικές Προκλήσεις της Επικοινωνίας το 2017, Ψωμί: Με Μαγιά την Καινοτομία και τις Διατροφικές Αξίες, Αυτοκίνητο: Πού Βρίσκεται το Μέλλον και Υπό Ποιές Προϋποθέσεις.
710 2 _aThe Marketing Week
_99825
942 _cCR
999 _c8878
_d8878